Agregovaný dopyt, vládne výdavky a dane
Analýza možností zvyšovania agregátneho dopytu pri jeho nerozvážnych hodnotách prostredníctvom vládnych výdavkov a daní. Multiplikátor, vládne výdavky a dane. Analýza vládnych výdavkov z hľadiska funkcií IS a LM. Dane meniace sa s dôchodkom.
Na minha lista:
| Autor principal: | |
|---|---|
| Formato: | Capítulo de Livro |
| Idioma: | eslovaco |
| Assuntos: | |
| Tags: |
Sem tags, seja o primeiro a adicionar uma tag!
|
MARC
| LEADER | 00000naa$a2200000$$$4500 | ||
|---|---|---|---|
| 001 | 0051679 | ||
| 005 | 20231107071417.7 | ||
| 041 | 0 | |a slo | |
| 044 | |a CZ | ||
| 245 | 1 | 0 | |a Agregovaný dopyt, vládne výdavky a dane |c Rastislav Jurga |
| 520 | |a Analýza možností zvyšovania agregátneho dopytu pri jeho nerozvážnych hodnotách prostredníctvom vládnych výdavkov a daní. Multiplikátor, vládne výdavky a dane. Analýza vládnych výdavkov z hľadiska funkcií IS a LM. Dane meniace sa s dôchodkom. | ||
| 610 | 2 | 0 | |a sadzby daňové |
| 610 | 2 | 0 | |a dôchodok národný |
| 610 | 2 | 0 | |a modely makroekonomické |
| 610 | 2 | 0 | |a multiplikátor |
| 610 | 2 | 0 | |a dane |
| 610 | 2 | 0 | |a zdaňovanie |
| 610 | 2 | 0 | |a dopyt |
| 100 | 1 | |a Jurga, Rastislav | |